000 00712nam a2200289Ia 4500
005 20260324143936.0
008 008 260324s9999 xx 000 0 eng d
020 _a9780203057728
037 _aEBOOK
040 _aCRL
040 _beng
040 _cCRL
041 _2eng
041 _aeng
084 _qCRL
100 _aWilliam E Studwell; Ruth C Carter
_91217493
245 0 _aLibrary of Congress Subject Headings
245 0 _bPhilosophy, Practice, and Prospects
260 _bTaylor and Francis
260 _c1990
365 _a
365 _b59.99
856 _uhttp://www.taylorfrancis.com/books/9780203057728
942 _cEBOOK
999 _c1823508
_d1823508